| 000 | 00391cam a2200169ua 4500 | ||
|---|---|---|---|
| 001 | 3593 | ||
| 008 | 191011n II |||gr||||Z||||||asm | ||
| 040 | _aMAIN | ||
| 041 | _aEnglish | ||
| 082 | _a530 BAR | ||
| 100 | _aBARUAH, BIRENDRA KUMAR. | ||
| 245 | _aPADARTHA BIGYAN (Physics) | ||
| 260 |
_a[s.l]: _bASOM BOOK DEPOT, _c1988. |
||
| 300 |
_a436: _c24CM. |
||
| 653 | _aPhysics | ||
| 942 | _cBK | ||
| 999 |
_c3581 _d3581 |
||